000 01023nam a22003017a 4500
001 4498
003 FISKH
005 20260410104743.0
008 240912b cb ||||| |||| 00| 0 eng d
020 _a9780545351706
040 _aFISKH
_beng
_cFISKH
_dFISKH
050 _aQL638.B4738
082 _a597.3
100 _aBerger, Melvin
_eauthor
245 _aSharks /
_cby Melvin and Gilda Berger
250 _aFirst printing, May 2013
260 _aNew York :
_bScholastic ;
_c2013 .
300 _a16 unnumbered pages :
_bcolor illustrations ;
_c24 cm .
490 _aDiscovering my world
505 _aF
520 _aExplores the world of sharks, including historical data, current information on shark research and sightings, and descriptions of the behavior and physical characteristics of twenty major types.
521 8 _a310
_bLexile
521 8 _aF
_bRaz-Plus
650 _aanimals
_vnon-fiction
700 _aBerger, Gilda
_eillustrator
942 _2ddc
_cBK
_n0
999 _c4498
_d4498